| 000 | 01113cam a22002771i 4500 | ||
|---|---|---|---|
| 003 | OSt | ||
| 005 | 20251031142048.0 | ||
| 008 | 251026s2008 su g 00010 ara c | ||
| 020 | _a9789960543741 | ||
| 040 |
_aSA-JeALM _bara _cSA-RiAUC _erda |
||
| 082 | 0 | 4 |
_a212 _qSA-RiAUC |
| 090 |
_a212 _bا ب ن ح |
||
| 100 | 1 |
_aابن حميد، صالح بن عبد الله، _d1369 هجري- _eمؤلف. |
|
| 245 | 1 | 0 |
_aرسائل في أدب الحوار وفقه وفن الإنصات / _cصالح بن عبد الله بن حميد. |
| 250 | _aالطبعة الأولى. | ||
| 264 | 1 |
_aالرياض : _bمكتبة العبيكان، _c2008 |
|
| 300 |
_a75 صفحة ؛ _c24 سم |
||
| 336 |
_aنص _btxt _2rdacontent _3كتاب |
||
| 337 |
_aبدون وسيط _bn _2rdamedia |
||
| 338 |
_aمجلد _bnc _2rdacarrier |
||
| 500 | _aإهداء من المؤلف صالح بن عبد الله بن حميد بتاريخ 1429/2/25 هـ | ||
| 650 | 7 |
_aالآداب الإسلامية _2aucsh |
|
| 650 | 7 |
_aالحوار في الإسلام _2aucsh |
|
| 942 |
_2ddc _cBOOK _n0 |
||
| 949 |
_aSA-JeALM _d251026 _umohamedma123 _n1 |
||
| 999 |
_c12899 _d12899 |
||